|
|
|
|
| LEADER |
00000nam0a2200000 4500 |
| 001 |
293220 |
| 005 |
20231102000555.0 |
| 020 |
|
|
|a RU
|b 84-27713
|
| 035 |
|
|
|a (RuTPU)RU\TPU\book\318185
|
| 090 |
|
|
|a 293220
|
| 100 |
|
|
|a 20150429d1984 k y0rusy5003 ca
|
| 101 |
0 |
|
|a rus
|
| 102 |
|
|
|a RU
|
| 105 |
|
|
|a a z 001zy
|
| 200 |
1 |
|
|a Глубинное строение Кавказского сейсмоактивного региона
|f Г. В. Краснопевцева
|g Междуведомственный совет по сейсмологии и сейсмостойкому строительству АН СССР
|
| 210 |
|
|
|a Москва
|c Наука
|d 1984
|
| 215 |
|
|
|a 108 с.
|c ил.
|d 21 см
|e 1 вкл.
|
| 320 |
|
|
|a Библиогр.: с. 106-107
|
| 606 |
1 |
|
|a Сейсмические наблюдения
|2 stltpush
|3 (RuTPU)RU\TPU\subj\54374
|9 72531
|
| 610 |
1 |
|
|a земная кора
|
| 610 |
1 |
|
|a глубинное строение
|
| 610 |
1 |
|
|a Кавказ
|
| 610 |
1 |
|
|a геолого-геофизическая характеристика
|
| 610 |
1 |
|
|a Предкавказье
|
| 610 |
1 |
|
|a геоструктурные зоны
|
| 610 |
1 |
|
|a волновое поле
|
| 610 |
1 |
|
|a интерпретация
|
| 610 |
1 |
|
|a сейсмоактивные зоны
|
| 675 |
|
|
|a 550.34
|z rus
|v 4
|
| 700 |
|
1 |
|a Краснопевцева
|b Г. В.
|g Галина Васильевна
|4 070
|
| 712 |
0 |
2 |
|a Академия наук СССР (АН СССР)
|b Междуведомственный совет по сейсмологии и сейсмостойкому строительству
|c (Ленинград/Москва)
|c (1925-1991)
|2 stltpush
|3 (RuTPU)RU\TPU\col\722
|
| 801 |
|
0 |
|a RU
|b RuMRKP
|c 19950704
|g psbo
|
| 801 |
|
1 |
|a RU
|b 63413507
|c 20150429
|
| 801 |
|
2 |
|a RU
|b 63413507
|c 20190808
|g RCR
|
| 942 |
|
|
|c BK
|